Normal view
MARC view
Entry Personal Name
001 - CONTROL NUMBER
- control field: 41978
003 - CONTROL NUMBER IDENTIFIER
- control field: dpl
005 - DATE AND TIME OF LATEST TRANSACTION
- control field: 20120214165152.0
008 - FIXED-LENGTH DATA ELEMENTS
- fixed length control field: 120214|||a|||||| | ||| d
040 ## - CATALOGING SOURCE
- Original cataloging agency: dpl
- Transcribing agency: dpl
100 ## - HEADING--PERSONAL NAME
- Personal name: चड्ढा, राधिका
670 ## - SOURCE DATA FOUND
- Source citation: Work cat.: (dpl): चड्ढा, राधिका, मुझे सोना है /, 2007
670 ## - SOURCE DATA FOUND
- Source citation: Work cat.: (dpl): चड्ढा, राधिका, मुझे सोना है /, 2007
